| 000 | 00425nam a2200181Ia 4500 | ||
|---|---|---|---|
| 003 | OSt | ||
| 005 | 20240314151227.0 | ||
| 008 | 210210b1955 xxu||||| |||| 00| 0 eng d | ||
| 040 | _cAL | ||
| 041 | _aeng | ||
| 082 | _a829/1231 | ||
| 100 |
_aWELLS (H G) _9154385 |
||
| 245 | _aSeven stories | ||
| 260 |
_aLondon _bOxford University Press _c1955 |
||
| 690 |
_aEnglish Fiction _9154388 |
||
| 906 | _a017842 | ||
| 942 |
_2ddc _cBK |
||
| 999 |
_c137826 _d137826 |
||